000 01564cam a22003251i 4500
003 SA-RiAUC
005 20241220154233.0
008 241218s1984 su g b 00100 ara c
040 _aSA-RiAUC
_bara
_cSA-RiAUC
_erda
050 4 _bI26 1984
082 0 4 _a414
_qSA-RiAUC
090 _a414
_bا ب ن أ
100 1 _aابن أبي الحديد، عبد الحميد بن هبة الله بن محمد،
_d586-656 هجري
_eمؤلف.
245 1 2 _aالفلك الدائر على المثل السائر /
_cأبو حامد عز الدين عبد الحميد بن هبة الله بن محمد بن أبي الحديد ؛ قدم له وحققه وعلق عليه أحمد الحوفي، بدوي طبانة.
250 _aالطبعة الثانية.
264 1 _aالرياض :
_bدار الرفاعي للنشر والتوزيع،
_c1984
300 _a1 مجلد (544 صفحة) ؛
_c24 سم.
336 _aنص
_btxt
_2rdacontent
_3كتاب
337 _aبدون وسيط
_bn
_2rdamedia
338 _aمجلد
_bnc
_2rdacarrier
490 0 _aأمهات الكتب ؛
_v1
500 _aالمكتبة يتوافر بها : مجلد 3.
500 _aكشافات : صفحة 267-323.
504 _aيشتمل على ببليوجرافية.
650 7 _aالنثر العربي
_yالعصر العباسي الثاني
_2aucsh
700 1 _aالحوفي، أحمد محمد،
_d1910-1983
_eمقدم.
700 1 _aطبانة، بدوي أحمد،
_d1914-2000
_eمقدم.
942 _2ddc
_cBOOK
_n0
949 _aSA-JeALM
_d241218
_umohamedma123
_n1
999 _c3686
_d3686